<?xml version="1.0" encoding="UTF-8"?>
<record
    xmlns:xsi="http://www.w3.org/2001/XMLSchema-instance"
    xsi:schemaLocation="http://www.loc.gov/MARC21/slim http://www.loc.gov/standards/marcxml/schema/MARC21slim.xsd"
    xmlns="http://www.loc.gov/MARC21/slim">

  <leader>01946nam a2200361   4500</leader>
  <controlfield tag="001">113810</controlfield>
  <controlfield tag="003">DR-UNIBE</controlfield>
  <controlfield tag="005">20250709084040.0</controlfield>
  <controlfield tag="008">250701b2009    ho ||||| |||| 00| 0 spa d</controlfield>
  <datafield tag="040" ind1=" " ind2=" ">
    <subfield code="a">BIBLIOTECA UNIBE</subfield>
    <subfield code="b">spa</subfield>
    <subfield code="c">BIBLIOTECA UNIBE</subfield>
    <subfield code="e">rda</subfield>
  </datafield>
  <datafield tag="041" ind1=" " ind2=" ">
    <subfield code="a">spa</subfield>
  </datafield>
  <datafield tag="082" ind1=" " ind2=" ">
    <subfield code="2">22</subfield>
    <subfield code="a">372.41 L566c</subfield>
  </datafield>
  <datafield tag="245" ind1="1" ind2="0">
    <subfield code="a">Lengua, comunicaci&#xF3;n e innovaci&#xF3;n en el aula : </subfield>
    <subfield code="b">una utop&#xED;a posible /</subfield>
  </datafield>
  <datafield tag="250" ind1=" " ind2=" ">
    <subfield code="a">Segunda edici&#xF3;n</subfield>
  </datafield>
  <datafield tag="260" ind1=" " ind2=" ">
    <subfield code="a">Tegucigalpa: </subfield>
    <subfield code="b"> CETT/CA-RD :</subfield>
    <subfield code="b">UPNFM, </subfield>
    <subfield code="c">2009</subfield>
  </datafield>
  <datafield tag="300" ind1=" " ind2=" ">
    <subfield code="a">72, 79, 54, 54 p&#xE1;ginas : </subfield>
    <subfield code="b">cuadros, tablas, fotos ; </subfield>
    <subfield code="c">27 x 21 cm</subfield>
  </datafield>
  <datafield tag="500" ind1=" " ind2=" ">
    <subfield code="a">Aportes a la publicaci&#xF3;n de varias  entidades educativas de M&#xE9;xico, Guatemala, Rep&#xFA;blica Dominicana, Nicaragua, El Salvador y Honduras mencionadas en la contraportada interior. Publicaci&#xF3;n financiada por USAID. </subfield>
  </datafield>
  <datafield tag="505" ind1=" " ind2=" ">
    <subfield code="a">Presentaci&#xF3;n |
M&#xD3;DULO I. Innovaci&#xF3;n de la tradici&#xF3;n docente: la utop&#xED;a com&#xFA;n |
M&#xD3;DULO II. Del aula que tenemos al aula que queremos: innovaci&#xF3;n con los textos narrativos |
M&#xD3;DULO III. Conquistemos el mundo de los textos narrativos |
M&#xD3;DULO IV. Los proyectos educativos: una alternativa en la ense&#xF1;anza de la lectoescritura
</subfield>
  </datafield>
  <datafield tag="650" ind1=" " ind2="7">
    <subfield code="2">lemb</subfield>
    <subfield code="a">Comunicaci&#xF3;n oral</subfield>
    <subfield code="x">Ense&#xF1;anza</subfield>
    <subfield code="9">197183</subfield>
  </datafield>
  <datafield tag="650" ind1=" " ind2="7">
    <subfield code="2">lemb</subfield>
    <subfield code="a">Comunicaci&#xF3;n escrita</subfield>
    <subfield code="x"> Ense&#xF1;anza</subfield>
    <subfield code="9">197184</subfield>
  </datafield>
  <datafield tag="650" ind1=" " ind2="7">
    <subfield code="2">lemb</subfield>
    <subfield code="a">Formaci&#xF3;n profesional de maestros</subfield>
  </datafield>
  <datafield tag="700" ind1="1" ind2="0">
    <subfield code="a">Fromm Cea, Lidia</subfield>
    <subfield code="9">196831</subfield>
    <subfield code="e">redacci&#xF3;n</subfield>
  </datafield>
  <datafield tag="700" ind1="1" ind2="0">
    <subfield code="a">Mart&#xED;nez, Jos&#xE9; Benito</subfield>
    <subfield code="9">196832</subfield>
    <subfield code="e">redacci&#xF3;n</subfield>
    <subfield code="e">revisi&#xF3;n</subfield>
  </datafield>
  <datafield tag="700" ind1="1" ind2="0">
    <subfield code="a">D&#xED;az, Jorge</subfield>
    <subfield code="9">196833</subfield>
    <subfield code="e">redacci&#xF3;n</subfield>
    <subfield code="e">dise&#xF1;ador</subfield>
    <subfield code="e">diagramador</subfield>
  </datafield>
  <datafield tag="700" ind1="1" ind2="0">
    <subfield code="a">G&#xF3;mez Hinestroza, Geovany</subfield>
    <subfield code="9">196834</subfield>
    <subfield code="e">redacci&#xF3;n</subfield>
  </datafield>
  <datafield tag="700" ind1="1" ind2="0">
    <subfield code="a">G&#xFC;ty,  Sonia</subfield>
    <subfield code="9">196835</subfield>
    <subfield code="e">redacci&#xF3;n</subfield>
  </datafield>
  <datafield tag="700" ind1="1" ind2="0">
    <subfield code="a">Arellano, Viena</subfield>
    <subfield code="9">196836</subfield>
    <subfield code="e">redacci&#xF3;n</subfield>
  </datafield>
  <datafield tag="700" ind1="1" ind2="0">
    <subfield code="a">Ulloa, Gloria Ester</subfield>
    <subfield code="9">196837</subfield>
    <subfield code="e">revisi&#xF3;n</subfield>
  </datafield>
  <datafield tag="700" ind1="1" ind2="0">
    <subfield code="a">Matute, Emma</subfield>
    <subfield code="9">196838</subfield>
    <subfield code="e">revisi&#xF3;n</subfield>
  </datafield>
  <datafield tag="700" ind1="1" ind2="0">
    <subfield code="a">Mej&#xED;a R., Marco Tulio</subfield>
    <subfield code="9">196839</subfield>
    <subfield code="e">presentador</subfield>
  </datafield>
  <datafield tag="700" ind1="1" ind2="0">
    <subfield code="a">Banegas, Francisco</subfield>
    <subfield code="9">196840</subfield>
    <subfield code="e">dise&#xF1;ador</subfield>
    <subfield code="e">diagramador</subfield>
  </datafield>
  <datafield tag="942" ind1=" " ind2=" ">
    <subfield code="2">ddc</subfield>
    <subfield code="c">BK</subfield>
  </datafield>
  <datafield tag="999" ind1=" " ind2=" ">
    <subfield code="c">113810</subfield>
    <subfield code="d">113810</subfield>
  </datafield>
  <datafield tag="952" ind1=" " ind2=" ">
    <subfield code="0">0</subfield>
    <subfield code="1">0</subfield>
    <subfield code="2">ddc</subfield>
    <subfield code="7">0</subfield>
    <subfield code="8">GEN</subfield>
    <subfield code="a">Principal</subfield>
    <subfield code="d">2025-06-10</subfield>
    <subfield code="l">0</subfield>
    <subfield code="o">372.41 L566c</subfield>
    <subfield code="p">250723</subfield>
    <subfield code="r">2025-07-01 10:14:29</subfield>
    <subfield code="t">Ej. 1</subfield>
    <subfield code="w">2025-07-01</subfield>
    <subfield code="y">BK</subfield>
  </datafield>
</record>
